000 00813cam a2200265 i 4500
001 1293705
003 NUST-PNEC
005 20170116180708.0
008 760323s1976 enka b 000 0 eng
010 _a 76356834
020 _a0408002107
040 _aDLC
_cDLC
_dDLC
050 0 0 _aTP968
_b.S53 1976
082 0 0 _a620.199 SHI
100 1 _aShields, J.,
_cB.Sc.
245 1 0 _aAdhesives handbook /
_cJ. Shields.
250 _a2d ed.
260 _aLondon :
_bNewnes-Butterworths,
_c1976.
300 _a348 p. :
_bill. ;
_c26 cm.
500 _ahttp://www.amazon.com/s/ref=nb_sb_noss?url=search-alias%3Dstripbooks&field-keywords=0408002107
504 _aBibliography: p. 345-348.
650 0 _aAdhesives
_xHandbooks, manuals, etc.
906 _a7
_bcbc
_corignew
_d3
_encip
_f19
_gy-gencatlg
942 _2ddc
_cBK
999 _c60809
_d60809